000 00583nam a2200229Ia 4500
003 OSt
005 20221005123619.0
006 a|||||r|||| 00| 0
007 ta
008 221004b |||||||| |||| 00| 0 mal d
024 _a56182
037 _cTextual
040 _aCRL
_cCRL
_bmal
041 _2mal
_amal
082 _aO32,3N00,1, J6
100 _aKapada Natakam
_9633909
245 0 _aM.R. Narayana Pillai
260 _c1956
650 _aMALAYALAM FICTION
_9183428
942 _hO32,3N00,1, J6
_cTEXL
_2cc
999 _c1047929
_d1047929